Welcome to the Holygrace Academy Library

Please use search bar below to get started

THE THREE LITTLE PIGS (Record no. 3966)

MARC details
000 -LEADER
fixed length control field 00268nam a22001217a 4500
020 ## - INTERNATIONAL STANDARD BOOK NUMBER
ISBN 0-7214-1174-6
082 ## - DEWEY DECIMAL CLASSIFICATION NUMBER
Classification number 823
Item number SOU/T
100 ## - MAIN ENTRY--AUTHOR NAME
Personal name SOUTHGATE, VERA
245 ## - TITLE STATEMENT
Title THE THREE LITTLE PIGS
260 ## - PUBLICATION, DISTRIBUTION, ETC. (IMPRINT)
Place of publication UK
Name of publisher LADYBIRD
650 ## - SUBJECT ADDED ENTRY--TOPICAL TERM
Topical Term ENGLISH SHORT STORY
Geographic subdivision UK
942 ## - ADDED ENTRY ELEMENTS (KOHA)
Koha item type Books
Holdings
Withdrawn status Lost status Collection code Home library Current library Shelving location Date acquired Source of acquisition Full call number Accession Number Koha item type
    Fiction Main Library Main Library SHELF 3- G LADY BIRD STORY BOOKS 29/05/2014 PUCHASE 823 SOU/T 09132 Books
    Fiction Main Library Main Library SHELF-3-H-LADYBIRD STORY BOOKS 18/03/2014 PURCHASE 823 SOU/T 06767 Books